[Event "Hessen-ch Gr-C"]
[Site "Idstein"]
[Date "2009.04.10"]
[Round "5"]
[White "Geringer, Waldemar"]
[Black "Vielsaecker, Dirk"]
[Result "0-1"]
[WhiteElo "1947"]
[BlackElo "1860"]
[PlyCount "72"]
[EventDate "2009.04.08"]
[EventType "swiss"]
[EventRounds "7"]
[EventCountry "GER"]
[SourceTitle "EXT 2010"]
[Source "ChessBase"]
[SourceDate "2010.11.25"]
[SourceVersion "1"]
[SourceVersionDate "2010.11.25"]
[SourceQuality "1"]

1. d4 Nf6 2. c4 e6 3. Nf3 Bb4+ 4. Bd2 Qe7 5. a3 Bxd2+ 6. Qxd2 a5 7. Nc3 d6 8. e4 Nc6 9. Be2 0-0 10. 0-0 e5 11. d5 Nb8 12. b4 Na6 13. Rfb1 Bd7 14. Ne1 c6 15. dxc6 bxc6 16. Nc2 Rfd8 17. f3 Be6 18. b5 cxb5 19. cxb5 Nc5 20. a4 Nb3 21. Rxb3 Bxb3 22. Ne3 d5 23. exd5 Nxd5 24. Nexd5 Bxd5 25. Qe3 Bb7 26. Bd3 Rd4 27. Re1 Rad8 28. Bb1 f6 29. f4 Rd2 30. Ne4 exf4 31. Qxf4 Rd1 32. Qf1 Rxe1 33. Qxe1 Re8 34. Nxf6+ gxf6 35. Ba2+ Kh8 36. Qxa5 Qe3+ 0-1

[Event "Hessen-ch Gr-C"]
[Site "Idstein"]
[Date "2009.04.09"]
[Round "3"]
[White "Geringer, Waldemar"]
[Black "Engelbert, Thomas"]
[Result "0-1"]
[WhiteElo "1947"]
[BlackElo "1716"]
[PlyCount "80"]
[EventDate "2009.04.08"]
[EventType "swiss"]
[EventRounds "7"]
[EventCountry "GER"]
[SourceTitle "EXT 2010"]
[Source "ChessBase"]
[SourceDate "2010.11.25"]
[SourceVersion "1"]
[SourceVersionDate "2010.11.25"]
[SourceQuality "1"]

1. d4 Nf6 2. c4 g6 3. Nc3 Bg7 4. e4 d6 5. Nf3 0-0 6. Be2 e5 7. 0-0 Nc6 8. d5 Ne7 9. Ne1 Nd7 10. Be3 f5 11. f3 f4 12. Bf2 g5 13. a4 Ng6 14. a5 h5 15. h3 a6 16. b4 Rf7 17. c5 Bf8 18. c6 Nf6 19. cxb7 Bxb7 20. b5 Rg7 21. bxa6 Bxa6 22. Bxa6 Rxa6 23. Nd3 Qc8 24. Nb4 Ra8 25. a6 g4 26. fxg4 hxg4 27. hxg4 Nxg4 28. Qf3 Ne3 29. Bxe3 Nh4 30. Bd2 Nxf3+ 31. Rxf3 Qg4 32. Rf2 Be7 33. Be1 f3 34. Nc2 Bh4 35. Rd2 f2+ 36. Rxf2 Bxf2+ 37. Kf1 Qxg2+ 38. Ke2 Bd4+ 39. Kd1 Bxc3 40. Bxc3 Qf3+ 0-1